Statistics for Florida State Head Football Coaches by Picture

Click here to take the quiz!

General Stats

  • This quiz has been taken 5 times
  • The average score is 5 of 12

Answer Stats

Answer% Correct
Bobby Bowden
100%
Jimbo Fisher
100%
Mike Norvell
80%
Odell Haggins
60%
Willie Taggart
60%
Bill Peterson
40%
Darrell Mudra
20%
Larry Jones
20%
Don Veller
0%
Jack Forsythe
0%
Perry Moss
0%
Tom Nugent
0%

Score Distribution

Percentile by Number Answered

Percent of People with Each Score

Your Score History

You have not taken this quiz